000 00527nam a2200169 i 4500
001 49129
003 ES-MaACL
005 20251005063042.0
007 t|
008 030708s1923 po ||||1| por d
100 1 _aCosta, Joaquim Correia da,
_d1896-1968
_940781
245 1 0 _aEça, Fialho e Aquilino
_b: ensaios de crítica e arte /
_cCorreia da Costa.
260 _aLisboa :
_bClássica,
_c1923 (
_ePorto :
_fImp. Portuguesa)
300 _a188 p. ;
_c19 cm.
852 _aES-MaACL
_jA-3768
999 _c49129
_d49129